Tilastot visalle Itä-Aasian maat kartalla

Klikkaa tästä pelataksesi tätä visaa!

Yleistilastot

  • Tätä visaa on pelattu 1 935 kertaa
  • Keskiarvotulos 14 / 17

Vastaukset kartalla

Vastauksille on annettu kartalla punavihreä väri sen mukaan, kuinka moni on saanut sen oikein.
 

Vastaustilastot

Vastaus% Oikein
Japani
96%
Kiina
96%
Etelä-Korea
94%
Mongolia
94%
Pohjois-Korea
94%
Indonesia
89%
Filippiinit
88%
Taiwan
88%
Thaimaa
86%
Vietnam
84%
Laos
81%
Itä-Timor
80%
Malesia
79%
Kambodža
75%
Myanmar
75%
Singapore
74%
Brunei
67%

Tulosjakauma

Persentiili vastausten määrän mukaan

Jokaisen tuloksen saaneiden osuus

Tuloshistoriasi

Et ole pelannut tätä visaa